000 00448nam a2200181Ia 4500
003 GCL
008 140319s9999 xx 000 0 eng d
040 _aGCL /
_cGCL
082 0 4 _a823
_bH T
100 1 _aHARDY, THOMAS
245 1 0 _aTESS OF THE D'URBERVILLES /
_cHARDY, THOMAS
260 _a[S.N] :
_bLONGMAN ،
_c1994
300 _a541 P
650 0 4 _aENGLISH LITERATURE
650 0 4 _aENGLISH FICTION
650 0 4 _aFICTION
942 _2ddc
_cBK
999 _c24350
_d24350